000 00505nam a2200193Ia 4500
003 GCL
005 20240530105113.0
008 140319s9999 xx 000 0 ara d
040 _aGCL /
_cGCL
082 0 4 _a922.48
_bا غ
100 1 _aاحمد الشرباصى
245 1 0 _aالغزالى /
_cاحمد الشرباصى
260 _a[S.N] :
_bدار الجيل
300 _a215 ص
650 0 4 _aالاشاعرة
650 0 4 _aالغزالى
650 0 4 _aعلم الكلام
942 _2ddc
_cBK
999 _c53184
_d53184